Materials for enginners and technicians

Guardat en:
Dades bibliogràfiques
Autor principal: BOLTON, William Higgins, R.A
Format: Llibre
Idioma:anglès
Publicat: Routledge 2021
Etiquetes: Afegir etiqueta
Sense etiquetes, Sigues el primer a etiquetar aquest registre!

MARC

LEADER 00000nam a22000007a 4500
008 240715b |||||||| |||| 00| 0 eng d
020 |a 9780367535506 
100 |a BOLTON, William  |a Higgins, R.A. 
245 |a Materials for enginners and technicians  |c /William Bolton and R.A.Higgins  |g XX.439p:ill 
250 |b 7th ed 
260 |b Routledge  |c 2021  |h New York  |i 702614  |i 702613  |l TA403.B63  |m Materials 
500 |a it includes index 
942 |a lcc  |c BK  |e Johnson  |f 15/07/24 
952 |0 0  |1 0  |2 lcc  |4 0  |6 TA0403 B63  |7 0  |9 5400  |a TL  |b HOL  |c QZ  |d 2024-07-15  |l 0  |o TA403.B63  |p 2024-0641  |r 2024-07-15 00:00:00  |t 702614  |w 2024-07-15  |y BK 
952 |0 0  |1 0  |2 lcc  |4 0  |6 TA0403 B63  |7 0  |9 5401  |a HOL  |b HOL  |c QZ  |d 2024-07-15  |l 0  |o TA403.B63  |p 2024-0642  |r 2024-07-15 00:00:00  |t 702615  |w 2024-07-15  |y BK 
999 |c 2671  |d 2671